|
|
|
|
| LEADER |
00000nas a2200000 a 4500 |
| 005 |
20110518121644.0 |
| 007 |
cr ||||||||||| |
| 008 |
101216c20099999xxkb| pss|||||0|| 0eng|c |
| 022 |
|
|
|a 1877-6922
|
| 035 |
|
|
|a 5063
|
| 040 |
|
|
|a CCUC
|d vlex
|
| 090 |
|
|
|c 2076
|d 2076
|
| 245 |
0 |
0 |
|a International free and open source software law review
|h [Recurso electrn̤ico]
|
| 256 |
|
|
|a Servicio en ln̕ea
|
| 260 |
|
|
|a [London] :
|b International Free and Open Source Software Law Review,
|c 2009-
|
| 310 |
|
|
|a Semestral
|
| 362 |
0 |
|
|a Vol. 1, no. 1 (2009)-
|
| 500 |
|
|
|a Descripcin̤ del recurso: el 28 de abril de 2011
|
| 506 |
1 |
|
|a Contenido solo disponible en los productos indicados
|d vLex Global
|d vLex Global (Academic Edition, excluding Law Schools)
|d vLex Global (U.S. Academic Edition, Law Schools)
|d vLex Global (U.S. Academic Edition, excluding Law Schools)
|d vLex Global (Academic Edition, Law Schools)
|
| 650 |
|
4 |
|a Programario libre
|x Aspectos legales
|x Revistas
|
| 740 |
|
0 |
|a vLex Revista (Servicios en ln̕ea)
|
| 856 |
|
|
|z Acceso restringido
|u http://vlex.com/source/international-free-open-source-software-law-review-5063
|
| 942 |
|
|
|c REV
|